=LDR 00000nam 2200000 4500 =001 INLIS000000000809797 =008 ###################################ind## =035 ##$$a 0010-0825000290 =245 ##$$a Aneka Kreasi Grafis Pemula / $c Dicky Rachmat =260 ##$$b Tiga Serangkai =020 ##$$a 978979045850 =084 ##$$a 004.678 MAT a =520 ##$$a Grafik komputer =082 ##$$a 004.678